| 000 | 00787cam a22002414a 4500 | ||
|---|---|---|---|
| 999 |
_c16103 _d16103 |
||
| 001 | 16722365 | ||
| 005 | 20190424153407.0 | ||
| 008 | 110405s2011 maua frb 001 0 eng d | ||
| 040 |
_aDLC _beng _cDLC _dDLC |
||
| 082 | 0 | 4 |
_a006.312 _bHAN _222 |
| 100 | 1 |
_aHan, Jiawei. _927401 |
|
| 245 | 1 | 0 |
_aData Mining : _bConcepts and Techniques / _cJiawei Han, Micheline Kamber, Jian Pei. |
| 250 | _a3rd ed. | ||
| 260 |
_aBurlington, MA : _bElsevier, _c2011. |
||
| 300 |
_axxxv, 703 p. : _bill. ; _c25 cm. |
||
| 650 | 7 |
_aData mining. _927402 _2BUEsh |
|
| 651 | _2BUEsh | ||
| 653 |
_bCOMSCI _cOctober2011 |
||
| 700 | 1 |
_aKamber, Micheline. _927403 |
|
| 700 | 1 |
_aPei, Jian _927400 |
|
| 942 |
_2ddc _cBB |
||